America the Beautiful Quiz Stats

Quiz Updated Jul 4, 2016

Challenge
Share
Tweet
Embed
Score 0/144 Timer 10:00
1 Play Today
% Correct
A
97.2%
O
96.1%
O
96.1%
O
96.1%
O
96.1%
America!
96%
America!
96%
America!
96%
America!
96%
America!
96%
America!
96%
America!
96%
America!
96%
the
96%
the
96%
the
96%
beautiful
93.1%
beautiful
93.1%
beautiful
93.1%
beautiful
93.1%
for
89.6%
For
89.6%
For
89.6%
for
89.6%
for
89.6%
for
89.6%
for
89.6%
of
89.4%
to
87.3%
to
87.3%
skies,
86.2%
on
85.8%
on
85.8%
mountain
85.6%
God
85.4%
God
85.4%
God
85.4%
God
85.4%
sea
85.3%
sea!
85.3%
sea
85.3%
sea!
85.3%
From
84.8%
From
84.8%
spacious
84.7%
And
84.7%
And
84.7%
And
84.7%
% Correct
And
84.7%
amber
84.5%
waves
84.3%
shining
84.2%
shining
84.2%
thee
84.1%
thee
84.1%
purple
83.6%
grain,
83.3%
His
81.7%
His
81.7%
be
81.4%
grace
80.4%
grace
80.4%
plain!
80.1%
brotherhood
79.1%
brotherhood
79.1%
with
77.6%
with
77.6%
thy
77.6%
thy
77.6%
Thy
77.6%
thy
77.6%
thy
77.6%
shed
77.1%
shed
77.1%
fruited
76.8%
good
76%
good
76%
Above
75.7%
crown
73.2%
crown
73.2%
majesties
70.8%
in
41.1%
in
41.1%
In
41.1%
That
29.1%
Who
28.8%
pilgrim
27.5%
by
25.6%
thine
24.2%
Thine
24.2%
patriot
24%
every
23.9%
every
23.9%
country
23%
feet,
22.9%
dream
22.4%
% Correct
all
22.4%
liberty
21.9%
freedom
21.8%
Across
21.4%
years
20.8%
beyond
20.6%
cities
20.4%
alabaster
20.3%
tears!
18.9%
than
18.9%
than
18.9%
gleam
18.7%
May
18.5%
their
18.4%
self-
18.3%
self
18.3%
life!
18.3%
human
18.3%
Whose
17.9%
more
17.7%
more
17.7%
law!
17.2%
beat
17.1%
sees
16.9%
flaw,
16.6%
Undimmed
16.4%
mend
16.3%
control,
15.8%
wilderness!
15.4%
gold
15.3%
soul
15.3%
loved,
15.1%
impassioned
14.3%
stern,
14.2%
strife,
14.2%
heroes
13.7%
stress
13.6%
thoroughfare
13.3%
mercy
13.2%
Confirm
12.7%
liberating
12.6%
refine,
12.1%
proved
11.9%
divine!
11.9%
nobleness,
11.3%
Till
10.9%
success
10.9%
gain
10%

You're not logged in!

Compare scores with friends on all Sporcle quizzes.
Join for Free
OR
Log In

You Might Also Like...

Show Comments

Extras

Top Quizzes Today


Score Distribution

Your Account Isn't Verified!

In order to create a playlist on Sporcle, you need to verify the email address you used during registration. Go to your Sporcle Settings to finish the process.

Report this User

Report this user for behavior that violates our Community Guidelines.

Details: